<?xml version="1.0" encoding="UTF-8"?>
<collection xmlns="http://www.loc.gov/MARC21/slim">
 <record>
  <leader>00646pamaa2200193   4500</leader>
  <controlfield tag="001">0000021069</controlfield>
  <controlfield tag="005">20060523090000.0</controlfield>
  <datafield tag="020" ind1="0" ind2="0">
   <subfield code="a">9652291595 (hard) </subfield>
  </datafield>
  <datafield tag="082" ind1=" " ind2=" ">
   <subfield code="a">940.5318 KAH 1997</subfield>
  </datafield>
  <datafield tag="090" ind1="0" ind2="0">
   <subfield code="a">DS135.N6 </subfield>
   <subfield code="b">KAH 1997</subfield>
  </datafield>
  <datafield tag="100" ind1="1" ind2="0">
   <subfield code="a">KAHN </subfield>
  </datafield>
  <datafield tag="245" ind1="1" ind2="0">
   <subfield code="a">Luck and chutzpah : </subfield>
   <subfield code="b">against all odds  </subfield>
   <subfield code="c">H.G. Kahn.</subfield>
  </datafield>
  <datafield tag="260" ind1="0" ind2="0">
   <subfield code="a">Jerusalem: </subfield>
   <subfield code="b">Gefen Pub., </subfield>
   <subfield code="c">1997.</subfield>
  </datafield>
  <datafield tag="300" ind1=" " ind2=" ">
   <subfield code="a">272p.; </subfield>
   <subfield code="c">24cm.</subfield>
  </datafield>
  <datafield tag="650" ind1="0" ind2="0">
   <subfield code="a">Jews -- </subfield>
   <subfield code="x">Biography -- </subfield>
   <subfield code="z">Netherlands </subfield>
  </datafield>
  <datafield tag="650" ind1="0" ind2="0">
   <subfield code="a">Holocaust, Jewish (1939-1945) -- </subfield>
   <subfield code="x">Personal narratives -- </subfield>
   <subfield code="z">Netherlands </subfield>
  </datafield>
  <datafield tag="650" ind1="0" ind2="0">
   <subfield code="a">Holocaust survivors -- </subfield>
   <subfield code="x">Biography -- </subfield>
   <subfield code="z">Israel </subfield>
  </datafield>
  <datafield tag="651" ind1="0" ind2="0">
   <subfield code="x">Ethnic relations -- </subfield>
   <subfield code="z">Netherlands </subfield>
  </datafield>
  <datafield tag="700" ind1="1" ind2="1">
   <subfield code="a">Halkin, </subfield>
   <subfield code="h">Hillel </subfield>
  </datafield>
 </record>
</collection>
